Internel Combustion Engines (Record no. 609210)

000 -LEADER
fixed length control field 00349nam a22001337a 4500
020 ## - INTERNATIONAL STANDARD BOOK NUMBER
International Standard Book Number 0070494576
040 ## - CATALOGING SOURCE
Transcribing agency nust
082 ## - DEWEY DECIMAL CLASSIFICATION NUMBER
Edition number 2nd Edition
Classification number 621.4023
Author Mark GAN
100 ## - MAIN ENTRY--PERSONAL NAME
Personal name Ganesan V
9 (RLIN) 55528
245 ## - TITLE STATEMENT
Title Internel Combustion Engines
260 ## - PUBLICATION, DISTRIBUTION, ETC.
Place of publication, distribution, etc. New York:
Name of publisher, distributor, etc. McGraw- Hill,
Date of publication, distribution, etc. 2004.
650 ## - SUBJECT ADDED ENTRY--TOPICAL TERM
Topical term or geographic name entry element Internel Combustion Engines
9 (RLIN) 122770
942 ## - ADDED ENTRY ELEMENTS (KOHA)
Source of classification or shelving scheme
Koha item type Book
Holdings
Withdrawn status Lost status Source of classification or shelving scheme Damaged status Not for loan Permanent Location Current Location Shelving location Date acquired Total Checkouts Full call number Barcode Date last seen Price effective from Koha item type
          College of Electrical & Mechanical Engineering (CEME) College of Electrical & Mechanical Engineering (CEME) General Stacks 05/21/2024   621.4023 GAN CEME- 41033 05/21/2024 05/21/2024 Book
© 2023 Central Library, National University of Sciences and Technology. All Rights Reserved.